000 01037nab a22002177a 4500
999 _c5817
_d5817
003 OSt
005 20260106235700.0
008 190514b xxu||||| |||| 00| 0 spa d
040 _cPJ
100 _96726
_aGiacchetta, Paula
245 1 3 _aLa salud mental en el sistema de la Ley de Riesgos del Trabajo. Necesidad de una reforma /
_cPaula Giacchetta.
300 _ap. 114-124
505 _aSumario: I. Introducción.— II. El trabajo como un determinante social de la salud.— III. La salud como derecho de las personas trabajadoras.— IV. Los riesgos psicosociales del trabajo.— V. La salud mental en el derecho del trabajo.— VI. Conclusiones.
505 _tSi te interesa el texto, comunicate a koha@justierradelfuego.gov.ar
650 0 _91272
_aSALUD MENTAL
650 0 _91253
_aDERECHO A LA SALUD
650 0 _91316
_aDERECHO LABORAL
650 0 _91482
_aLEY SOBRE RIESGOS DEL TRABAJO
773 0 _02844
_93222
_dBuenos Aires : AbeledoPerrot, 1989-
_tDerecho de familia. N° 117 - Noviembre 2024
_z18511201
942 _2udc
_cANA